Govt. of
Madhya Pradesh

Dilli's Red Fort By The Yamuna (Record no. 8852)

MARC details
000 -LEADER
fixed length control field 004390000a22001810004500
003 - CONTROL NUMBER IDENTIFIER
control field MACL
005 - DATE AND TIME OF LATEST TRANSACTION
control field 20151119134518.0
008 - FIXED-LENGTH DATA ELEMENTS--GENERAL INFORMATION
fixed length control field 151119b xxu||||| |||| 00| 0 eng d
040 ## - CATALOGING SOURCE
Original cataloging agency MACL
Transcribing agency MACL
041 ## - LANGUAGE CODE
Language code of text/sound track or separate title English
082 ## - DEWEY DECIMAL CLASSIFICATION NUMBER
Classification number 720/BAT
100 ## - MAIN ENTRY--PERSONAL NAME
Personal name Batra, N.L.
9 (RLIN) 17540
245 ## - TITLE STATEMENT
Title Dilli's Red Fort By The Yamuna
260 ## - PUBLICATION, DISTRIBUTION, ETC. (IMPRINT)
Name of publisher, distributor, etc. Niyogi Books
Date of publication, distribution, etc. 2008
Place of publication, distribution, etc. New Delhi
350 ## - PRICE (NR) (BK AM CF MU VM SE) [OBSOLETE]
Price 1500
650 ## - SUBJECT ADDED ENTRY--TOPICAL TERM
Topical term or geographic name as entry element Architecture
9 (RLIN) 259
942 ## - ADDED ENTRY ELEMENTS (KOHA)
Koha item type Books
Call number prefix 720
Source of classification or shelving scheme
Holdings
Withdrawn status Lost status Source of classification or shelving scheme Damaged status Not for loan Home library Current library Date acquired Cost, normal purchase price Total Checkouts Full call number Barcode Date last seen Date last checked out Uniform Resource Identifier Price effective from Koha item type
          MACL MACL 15/04/2015 1500.00 2 720 CRE023178 02/05/2024 11/10/2022 8754 15/04/2015 Books